00525nam a22001937a 4500003000500000005001700005008004100022010001000063011001000073035001000083040000900093082001500102100001700117245007900134260006300213300001100276500002800287650001600315CHAP20220329140817.0971013s1958 r 00010 d a57982 a58954 a63111 cCHAP a330.1bS5500aSmith, Adam. aInvestigación sobre la naturaleza y causas de la riqueza de las naciones aMéxico, D. F. :bFondo de Cultura Económica,c(c.1958) a917 p. aContiene bibliografía14aEconomía.